[Event "Corus"]
[Site "Wijk aan Zee"]
[Date "2002.01.16"]
[Round "4"]
[White "Kasimdzhanov, Rustam"]
[Black "Khalifman, Alexander"]
[Result "0-1"]
[WhiteElo "2695"]
[BlackElo "2688"]
[Annotator "Ftacnik,L"]
[PlyCount "56"]
[EventDate "2002.01.12"]
[EventType "tourn"]
[EventRounds "13"]
[EventCountry "NED"]
[EventCategory "18"]
[SourceTitle "CBM 087"]
[Source "ChessBase"]
[SourceDate "2002.03.21"]
[SourceVersion "1"]
[SourceVersionDate "2002.03.21"]
[SourceQuality "1"]

1. d4 Nf6 2. c4 g6 3. Nc3 d5 4. Nf3 Bg7 5. Qb3 dxc4 6. Qxc4 O-O 7. e4 a6 8. Qb3
b5 9. e5 Nfd7 10. h4 c5 11. e6 c4 12. Qd1 Nb6 13. exf7+ Rxf7 14. h5 Nc6 15.
hxg6 hxg6 16. Be3 Bf5 17. Ng5 Rf6 18. g4 Be6 19. Nce4 Bd5 20. f3 (20. Qd2 Rd6 (
20... Qd7 $1 $13) 21. f3 Bxe4 22. fxe4 Nd7 23. Qh2 Nf8 24. e5 Rd7 25. Ne6 Qa5+
26. Bd2 Nxe5 27. Be2 {1-0 Anand,V-Svidler,P/Linares 1999/ (31)}) 20... e5 $3 {
[%mdl 8] Khalifman is not afraid to unleash a small bomb in a theoretical
position, black quickly wants to benefit from the active location of all
pieces in the center.} 21. dxe5 (21. Nxf6+ Qxf6 22. dxe5 (22. Ne4 Bxe4 23. fxe4
exd4 24. Bf2 Qf4 $15) (22. Bc1 exd4 23. Ne4 Bxe4 24. fxe4 Ne5 $15) 22... Nxe5 (
22... Qxe5 23. Qd2 Re8 24. Kf2 Na4 25. Rd1 Nb4 26. Bd4 Nd3+ 27. Qxd3 cxd3 28.
Bxe5 Rxe5 29. Ne4 $14) 23. Rh3 (23. Be2 Re8 24. Bxb6 (24. Ne4 Nxf3+ 25. Bxf3
Bxe4 26. Bxe4 Rxe4 27. Rh3 Qxb2 28. Qd8+ Kf7 $15) 24... Nxf3+ 25. Nxf3 Bxf3 26.
Rh2 Qxb6 $17) 23... Re8 24. Ne4 Nxf3+ 25. Rxf3 Qxb2 26. Rb1 Qxa2 $19) 21...
Nxe5 22. Be2 (22. f4 $5 Nf7 $1 (22... Bxe4 23. Nxe4 Nd5 24. Nxf6+ Bxf6 25. fxe5
Nxe3 26. Qb1 $16) (22... Ned7 23. Nxf6+ Qxf6 24. Rh2 c3 25. Bd3 cxb2 $14) 23.
Nxf7 (23. Nxf6+ Qxf6 24. Rh2 Nxg5 25. fxg5 Qe6 26. Qe2 Na4 $11) 23... Kxf7 24.
Nxf6 Bxh1 25. Qxd8 Rxd8 26. Bxb6 Rd6 $11) 22... Bxe4 23. Nxe4 (23. Qxd8+ Rxd8
24. Nxe4 Re6 25. Bxb6 Rxb6 $15) 23... Re6 24. g5 $2 {In a higher sense very
dubious move, white had no right to lose time for aggressive moves. The king
on e1 is a primary cause of an immediate catastrophy.} (24. Qc2 Nd3+ (24... Qc7
25. O-O-O $1 $14) 25. Bxd3 Qxd3 26. Qxd3 cxd3 $11) 24... Qc7 $1 25. Qc2 Rd8 26.
Rd1 $6 (26. Kf1 Nd5 27. Bd2 Qf7 $15) 26... Nd5 27. Qc1 (27. Bc1 Nb4 28. Rxd8+
Qxd8 29. Qd2 Qxd2+ 30. Kxd2 Nxa2 $17) 27... Ng4 28. Bf4 (28. fxg4 Rxe4 29. Rh3
Nxe3 30. Rxd8+ (30. Rxe3 Bxb2 31. Rxd8+ Qxd8 $19) 30... Qxd8 31. Rxe3 Qxg5 $19)
28... Qb6 (28... Qb6 29. Bg3 $1 Bd4 $1 (29... Nge3 30. Rd2 Ng2+ 31. Kf1 Nde3+
32. Kg1 $15) 30. fxg4 Rxe4 $19) 0-1

[Event "Corus"]
[Site "Wijk aan Zee"]
[Date "2002.01.15"]
[Round "3"]
[White "Bareev, Evgeny"]
[Black "Van Wely, Loek"]
[Result "1-0"]
[WhiteElo "2707"]
[BlackElo "2697"]
[Annotator "Ftacnik,L"]
[PlyCount "65"]
[EventDate "2002.01.12"]
[EventType "tourn"]
[EventRounds "13"]
[EventCountry "NED"]
[EventCategory "18"]
[SourceTitle "CBM 087"]
[Source "ChessBase"]
[SourceDate "2002.03.21"]
[SourceVersion "1"]
[SourceVersionDate "2002.03.21"]
[SourceQuality "1"]

1. d4 Nf6 2. c4 g6 3. Nc3 d5 4. Nf3 Bg7 5. Qb3 dxc4 6. Qxc4 O-O 7. e4 a6 8. Be2
b5 9. Qb3 c5 10. dxc5 Be6 11. Qc2 Nc6 12. O-O Qc7 13. Rd1 Rfd8 {Van Wely is a
great expert in Gruenfeld defence and this variation hopes to prove, that
white c5 pawn can be compensated by the active play.} 14. a3 Rxd1+ 15. Qxd1 (
15. Nxd1 b4 16. Be3 Rd8 (16... b3 17. Qb1 Ng4 18. Qc1 Qb7 19. Bf4 $16) 17. Rc1
$14) 15... Rd8 (15... b4 16. Nd5 Nxd5 17. exd5 Rd8 18. Qe1 Bxd5 19. axb4 $16)
16. Qe1 Ng4 (16... b4 $1 17. axb4 Nxb4 18. Ra4 (18. Qf1 Qxc5 19. Be3 Qc7 $11)
18... a5 19. Be3 Bd7 $11) 17. h3 Nd4 (17... Nge5 18. Nxe5 Qxe5 19. Be3 Nd4 20.
Bxd4 Rxd4 21. b4 Bc4 $14) 18. hxg4 (18. Nxd4 $4 Qh2+ 19. Kf1 Qh1#) 18... Nc2
19. Bf4 $1 {[%mdl 64] The witty combination in order to swap pieces, Bareev
indicates lasting problems with proving sufficient compensation for black.} (
19. Qf1 Nxa1 $19) 19... Qxf4 (19... Qxc5 $2 20. Rd1 Nxe1 21. Rxd8+ Bf8 22. Bh6
$18) (19... Qc8 20. Qc1 Nxa1 21. Qxa1 Qxc5 22. g5 $16) 20. Qc1 Qxc1+ 21. Rxc1
Bxc3 (21... Nd4 22. Nxd4 Rxd4 23. b4 $16) 22. bxc3 (22. Rxc2 $5 Bg7 23. Nd2 Bh6
24. Nf1 $16) 22... Nxa3 23. Ra1 Nc4 (23... Nc2 24. Rxa6 Bxg4 25. c6 $16) 24.
Rxa6 Rc8 (24... Bxg4 25. Bxc4 Bxf3 (25... bxc4 26. Ne5 Be2 27. c6 f6 28. Nd7
Rc8 $14) 26. Bd5 e6 27. Ra8 $1 Rxa8 28. Bxa8 Be2 29. c6 $18) 25. c6 Bxg4 (25...
Nd6 26. Nd2 $16) 26. Bxc4 bxc4 (26... Bxf3 27. Bd3 Bg4 28. f3 Be6 29. Bxb5 $16)
27. Nd4 Rb8 {The endgame is quite unplesant for black, but with the help of
the king he should be able to defend it.} (27... e5 28. Nb5 Kf8 29. Nd6 Rc7 30.
Nxc4 Be2 31. Ra8+ Ke7 32. Nxe5 f6 33. Ra2 $14) 28. Ra5 (28. c7 Rc8 29. Ra7 f6
30. Nc6 Kf7 31. f3 Bd7 32. Na5 Be6 33. Nb7 $16) 28... Kf8 $6 (28... f6 $5 29.
Rc5 e5 30. Nb5 Ra8 $14) 29. Rc5 Bc8 (29... Ke8 30. c7 Ra8 31. Rxc4 $16) 30. Rd5
Rb1+ 31. Kh2 Ke8 32. c7 Bd7 33. Nc6 1-0

[Event "Krynica zt"]
[Site "Krynica"]
[Date "1998.09.06"]
[Round "4"]
[White "Ftacnik, Lubomir"]
[Black "Groszpeter, Attila"]
[Result "1-0"]
[WhiteElo "2585"]
[BlackElo "2505"]
[Annotator "Ftacnik,L"]
[PlyCount "80"]
[EventDate "1998.09.02"]
[EventType "swiss"]
[EventRounds "9"]
[EventCountry "POL"]
[SourceTitle "CBM 067"]
[Source "ChessBase"]
[SourceDate "1998.11.30"]
[SourceVersion "2"]
[SourceVersionDate "1998.11.01"]
[SourceQuality "1"]

1. d4 {Hecht} Nf6 2. Nf3 g6 3. c4 Bg7 4. Nc3 d5 5. Qb3 dxc4 6. Qxc4 O-O 7. e4
Na6 8. Be2 c5 9. d5 e6 10. O-O exd5 11. exd5 Bf5 12. Be3 Re8 13. Rad1 Ne4 14.
Nxe4 Rxe4 15. Qc1 Qb6 (15... Qd7 16. Bxa6 bxa6 17. Qxc5 Bxb2 (17... Bg4 18. Qc6
Rd8 19. Qxd7 Rxd7 20. Rd2 Rb4 21. Rc1 h6 22. b3 Rb5 23. d6 Bxf3 24. gxf3 Be5
25. Rc6 {1-0 Dydyshko,V-Schoen,W/BL2-W9697/1997/ (38)}) 18. Nd4 Bh3 19. Ne2
Bxg2 20. Kxg2 Rh4 21. Rh1 Rc8 22. Qxa7 Qh3+ 23. Kg1 Qf3 24. Re1 Bc3 {0-1 Ree,
H-Thipsay,P/Bangalore/1981/ (28)}) (15... Nb4 16. a3 Nc2 17. Bg5 f6 18. Qxc2
fxg5 19. Bd3 Rf4 20. Qxc5 g4 21. Qe3 Qd6 22. Bxf5 Rxf5 23. Nd4 Re5 24. Qg3 Rd8
25. Ne6 Rd7 26. Qxg4 {1-0 Ree,H-De Boer,G/OHRA/1983/ (39)}) (15... Re8 16. Bb5
Bd7 17. Bxa6 bxa6 18. Qxc5 Bxb2 19. Nd4 Qe7 20. Qxe7 Rxe7 21. Rb1 Ba3 22. Rb7
Ba4 23. Rxe7 Bxe7 24. Rc1 {Orso,M-Kaposztas,M/HUN-ch op/1987/1-0 (83)}) (15...
Bg4 16. h3 Bxf3 17. Bxf3 Re8 18. d6 Qd7 19. Qc4 Kh8 20. Qb3 Rab8 21. Bd5 f5 22.
Bg5 Qxd6 23. Bf7 {1-0 Daverkausen,B-Seeger,R/NRW-II/1991/ (26)}) 16. Bd3 $5 {
[%mdl 4] This idea is rather testing for black, white must be ready for some
interesting complications.} (16. b3 Ree8 17. Nd2 Nb4 18. Nc4 Nxa2 19. Qa3 Qa6
20. Qxa6 bxa6 21. Bf3 Bc2 22. Rd2 Bxb3 23. Na5 c4 24. Nxb3 cxb3 25. d6 {
1/2-1/2 Donner,J-Ree,H/Amsterdam m/1971/ (37)}) 16... Bxb2 17. Qc2 (17. Qd2 Ra4
18. Bxf5 gxf5 19. d6 Rd8 20. Bh6 Rg4 $15) 17... Rxe3 (17... Nb4 18. Qxb2 Rxe3
19. Bxf5 Rxf3 20. gxf3 gxf5 21. Kh1 $1 $18) 18. fxe3 Nb4 19. Qxb2 Nxd3 $146 (
19... Bxd3 20. Rf2 c4 21. Ne5 f5 22. Nd7 Qd6 23. Nf6+ Kf7 24. Nxh7 Rc8 25. a3
Nxd5 26. e4 Ne7 27. exf5 gxf5 28. Ng5+ Kg8 29. Qxb7 {1-0 Orso,M-Miniboeck,G/
Noviki-D/1987/ (42)}) 20. Qxb6 axb6 21. g4 $1 Be4 22. Ng5 Bxd5 {[%mdl 4096]
Groszpeter sacrifices the piece in order to avoid terrible endgame with white
passed d pawn.} (22... f5 23. gxf5 gxf5 24. Nxe4 fxe4 25. Rd2 $1 Ne5 26. Rg2+
Kh8 27. Rf4 $18) 23. Rxd3 Bc4 24. Rd2 (24. Rd7 $5 Bxf1 25. Kxf1 h6 (25... Rxa2
26. h3 c4 27. Nxf7 c3 28. Rc7 c2 29. Nh6+ Kf8 30. Ke1 $18) 26. Ne4 Rxa2 27. h3
$16) 24... Bxf1 25. Kxf1 {Hecht: 'Der aktive weiße König entscheidet das Spiel.
Der richtige Königseinsatz ist ein sehr wichtiges Endspielelement. Kleine
taktische Zugaben sind die Springegabel und das Abzugsschach.'} Ra4 (25... h6
26. Nf3 $16) 26. h3 (26. Rf2 $5 Rxg4 27. Nxf7 Re4 28. Ke2 Re6 29. Kd3 b5 30. e4
$16) 26... h6 27. Nf3 b5 28. Ke2 (28. Ne5 c4 29. Rf2 c3 30. Nxf7 Rc4 $1 31. Ne5
c2 32. Nd3 c1=Q+ 33. Nxc1 Rxc1+ $14) 28... b4 29. Rc2 b6 (29... Kg7 30. Rxc5
Rxa2+ 31. Nd2 $18) 30. Nd2 (30. Ne5 Kg7 31. Nd7 Ra6 $16) 30... Kg7 31. Kd3 Kf6
(31... Ra3+ $5 32. Ke4 $1 (32. Nb3 Kf6 33. Kc4 Kg5) 32... Kf6 33. Nc4 Ra6 34.
Kd5 Kg5 35. Kc6 Kh4 36. Nxb6 Kxh3 37. Kxc5 Kxg4 38. Nc4 $18) 32. Kc4 {'!'
Hecht.} Ra3 33. Kb5 $1 {The win is surprisingly difficult, black gets real
counterplay.} (33. Nb3 Kg5 34. Kb5 Kh4 35. Kxb6 c4 36. Rxc4 Rxa2 37. Rxb4 Kxh3
$132) 33... Rxe3 34. Kxb6 Rxh3 35. Kxc5 Kg5 $6 (35... Rc3+ 36. Rxc3 bxc3 37.
Ne4+ Ke7 (37... Ke5 38. Nxc3 h5 39. gxh5 gxh5 40. a4 h4 41. a5 h3 42. Nd1 h2
43. Nf2 Kf4 44. a6 Kg3 45. Nh1+ Kg2 46. a7 Kxh1 47. a8=Q+ Kg1 48. Qg8+ Kf2 49.
Qh7 $18) 38. Nxc3 Kd7 39. Kb6 Kc8 40. Nd5 f5 (40... h5 41. g5 Kd7 42. a4 h4 43.
Nf4 $18) 41. Ne7+ Kd7 (41... Kb8 42. gxf5 $18) 42. Nxg6 fxg4 43. a4 g3 44. Nh4
Kc8 45. a5 $18) (35... Rh4 36. Rc4 Rh2 37. Rd4 $18) 36. Ne4+ {'!' Hecht.} Kf4 (
36... Kh4 37. Kxb4 Rf3 38. a4 Rf4 39. Rc4 Rxg4 40. a5 f5 41. a6 $18) (36...
Kxg4 {Hecht} 37. Nf2+) 37. Rc4 {The geometry works for white and the a pawn
will be very quick.} Re3 (37... Ke5 38. Kxb4 $1 (38. Nd6 Ra3 39. Nxf7+ Kf6 40.
Nxh6 Rxa2 $16) 38... Rh2 39. a4 $18) (37... Ra3 {Hecht} 38. Nc3+ Kg3 39. Kxb4)
38. Nd6+ (38. Kxb4 $2 Rxe4 $1 39. Rxe4+ Kxe4 40. a4 Kd5 41. Kb5 Kd6 42. Kb6 f5
43. gxf5 g5 44. a5 g4 45. a6 g3 46. a7 g2 47. a8=Q g1=Q+ 48. Kb5 Qc5+ 49. Ka4
Qc6+ $19) 38... Ke5 39. Rxb4 (39. Nxf7+ Kf6 40. Nxh6 Ra3 $16) 39... Rc3+ 40.
Rc4 (40. Nc4+ Kf4 41. Kd4 Rc1 42. Ne3 Ra1 43. Rb2 $18) 40... Ra3 $138 (40...
Ra3 41. Re4+ Kf6 42. Re2 Ra4 43. Rf2+ Kg7 44. Rxf7+ Kg8 45. Rf2 Rxg4 46. Nc4
$18) 1-0

[Event "Rubinstein Memorial 35th"]
[Site "Polanica Zdroj"]
[Date "1998.08.22"]
[Round "5"]
[White "Ivanchuk, Vassily"]
[Black "Leko, Peter"]
[Result "1/2-1/2"]
[WhiteElo "2730"]
[BlackElo "2665"]
[Annotator "Ftacnik,L"]
[PlyCount "53"]
[EventDate "1998.08.17"]
[EventType "tourn"]
[EventRounds "11"]
[EventCountry "POL"]
[EventCategory "17"]
[SourceTitle "CBM 067"]
[Source "ChessBase"]
[SourceDate "1998.11.30"]
[SourceVersion "2"]
[SourceVersionDate "1998.11.01"]
[SourceQuality "1"]

1. Nf3 Nf6 2. d4 g6 3. c4 Bg7 4. Nc3 d5 {Winants: Peter Leko, qui était il y a
peu de temps encore, le plus jeune grand-maître de l'histoire, joue la défense
Grünfeld avec enthousiasme, tout comme son entraîneur et compatriote André
Adorjan.} 5. Qb3 dxc4 6. Qxc4 O-O 7. e4 a6 {Winants: Le système hongrois; les
Noirs ont l'intention de mobiliser le Bc8 en fianchetto, après ...b5.} 8. Qb3
b5 9. e5 Nfd7 10. h4 {Un coup impétueux qui correspond bien au tempérament
agressif du joueur français.} Nb6 (10... c5) 11. h5 c5 $5 $146 {Leko comes up
with a very interesting novelty, that combines the rush development of black
pieces with undermining of the white's center.} (11... Nc6 12. hxg6 (12. Be3
Be6 (12... Na5 13. Qc2 (13. Qb4 Nac4 14. b3 Nxe3 15. fxe3 Bb7 16. Rc1 Rb8 17.
Bd3 Qd7 18. Kf2 Rfc8 19. Ne4 Nd5 20. Qd2 {1-0 Hegedus,G-Chrobak,G/Debrecen/
1998/ (24)}) 13... Nac4 14. Bd3 c5 15. dxc5 Nxe3 16. fxe3 Nc4 17. hxg6 hxg6 18.
Bxc4 bxc4 19. Qe4 Rb8 20. Qh4 {1-0 Kozul,Z-Sarno,S/Reggio Emilia9394/1993/ (29)
}) 13. Qd1 f6 (13... Nd5 14. hxg6 hxg6 15. Ng5 Qd7 16. Nxe6 Qxe6 17. Nxd5 Qxd5
18. Be2 Rad8 19. Bf3 Qe6 20. Bxc6 Qxc6 21. Qg4 {1-0 Schlosser,P-Vadasz,L/
Spring op/1989/ (42)}) (13... b4 14. Na4 Nxa4 15. Qxa4 Qd7 16. Qc2 Bd5 17. hxg6
hxg6 18. Ng5 Qg4 19. Rd1 {1-0 Hofman,R-Tondivar,B/Groningen op/1994/ (26)}) 14.
hxg6 hxg6 15. Bd3 f5 16. Ng5 Bd5 17. f4 Nb4 18. Kf2 c5 19. dxc5 Nc4 20. Bxc4
bxc4 21. Qg1 Nd3+ 22. Kf1 e6 23. Qh2 {1-0 Benjamin,J-Rechlis,G/Jerusalem/1986/
(26)}) 12... Nxd4 (12... hxg6 13. Rh4 Bf5 14. Bg5 Rb8 15. Rc1 Be6 16. Qd1 Nb4
17. a3 N4d5 18. Ne4 f6 19. Bh6 {1-0 Kekki,P-Ebeling,M/Espoo/1988/ (36)}) 13.
gxh7+ Kh8 14. Qd1 Nxf3+ 15. Qxf3 Qd4 16. Be2 b4 17. Nd1 Qxe5 18. Bf4 Qe6 19.
Bxc7 Nd5 20. Bg3 Bb7 {0-1 Chandler,M-Popovic,P/Vrsac/1981/ (41)}) (11... Be6
12. Qc2 Nc6 (12... c5 $5) 13. Be3 Nb4 14. Qd2 Bf5 15. Rc1 c5 16. a3 Nc6 17.
hxg6 Bxg6 18. dxc5 Qxd2+ 19. Bxd2 Nd7 20. Nd5 Ndxe5 21. Nxe5 Bxe5 {Levtchouk,
G-Duong Thanh Nha/Quebec Inv/1993/1/2-1/2 (50)}) (11... Bf5 $2 12. hxg6 hxg6
13. Bh6 (13. Be3 $5) 13... Nc6 14. Bxg7 Kxg7 15. d5 Na5 16. Qb4 Nac4 17. b3 a5
18. Qc5 Nd7 19. Qd4 Na3 20. Rc1 $1 {1-0 Miton,K-Szeberenyi,A/Budapest FS11
IM-B/1997/ (31)}) 12. hxg6 (12. h6 $6 c4 $1 13. Qd1 Bh8 $13) 12... hxg6 13.
dxc5 Be6 {[%mdl 4]} 14. Qc2 {The main idea becomes clear, white queen lacks
the good square for an retreat.} (14. Qb4 Nc4 (14... Nd5 $2 15. Qh4 f6 16. Qh7+
Kf7 17. Ne4 Bf5 18. Neg5+ fxg5 19. Nxg5+ Ke8 20. Qxg7 Nb4 21. Qxf8+ Kxf8 22.
Rh8+ Kg7 23. Rxd8 $18) 15. Bxc4 Nc6 16. Qa3 Bxc4 17. Bh6 $13) (14. Qd1 Qxd1+
15. Nxd1 N6d7 16. Bh6 Nxc5 $11) 14... Bf5 15. Qb3 Be6 16. Qa3 Nc4 17. Bxc4 (17.
Qb4 $2 Nc6 18. Qb3 Ne3 $19) 17... Bxc4 18. b3 {Ivanchuk must be careful, his
forces lack coordination and e5 pawn is very weak.} (18. Bh6 Bxh6 $1 (18... Nc6
19. Rd1 Qb8 20. Bxg7 Kxg7 21. Ne4 $14) 19. Rxh6 Nc6 20. Rd1 Qb8 21. Nd5 Nxe5
22. Nxe7+ Kg7 23. Rh3 Nd3+ $1 24. Rxd3 b4 25. Qa5 Bxd3 26. c6 Ra7 $17) 18...
Bd5 19. Nxd5 Qxd5 20. Be3 (20. Bb2 Nc6 21. Rd1 Qe4+ 22. Kf1 Rfd8 (22... Qc2 23.
Rc1 Qd3+ 24. Kg1 Rfd8 $14) 23. Re1 Qc2 $44) 20... Nc6 (20... Bxe5 21. Nxe5 Qxe5
22. Rc1 $14) 21. Rd1 Qe6 (21... Qe4 22. Rh4 Qf5 23. Nd4 Nxd4 24. Rhxd4 $14 {Pc6
}) 22. O-O Bxe5 (22... Nxe5 23. Nxe5 Bxe5 24. Rfe1 $14) 23. Rfe1 (23. Nxe5 Nxe5
24. Rfe1 Qg4 $132) 23... Bc3 24. Bd2 (24. Re2 $6 Rfd8 25. Qc1 b4 $15) 24... Qf6
25. Qc1 (25. Bxc3 Qxc3 26. Rc1 Qf6 $11) 25... Bxd2 26. Qxd2 Kg7 27. Qe3 (27. b4
a5 28. a3 axb4 29. axb4 Ra4 $11) 1/2-1/2

[Event "Beersheba-Peterburg Kings m"]
[Site "St Petersburg"]
[Date "1999.06.10"]
[Round "6"]
[White "Lugovoi, Aleksei"]
[Black "Avrukh, Boris"]
[Result "0-1"]
[WhiteElo "2510"]
[BlackElo "2609"]
[Annotator "Ftacnik,L"]
[PlyCount "68"]
[EventDate "1999.06.??"]
[EventType "schev"]
[EventRounds "10"]
[EventCountry "RUS"]
[SourceTitle "CBM 072"]
[Source "ChessBase"]
[SourceDate "1999.10.01"]
[SourceVersion "1"]
[SourceVersionDate "1999.10.01"]
[SourceQuality "1"]

1. d4 Nf6 2. c4 g6 3. Nc3 d5 4. Nf3 Bg7 5. Qb3 dxc4 6. Qxc4 O-O 7. e4 a6 8. e5
Nfd7 9. Bg5 b5 $1 10. Qd5 Ra7 11. Qe4 (11. e6 Bb7 12. Qb3 Bxf3 13. gxf3 fxe6
14. Qxe6+ Rf7 15. Rd1 Nf8 $13) 11... c5 12. dxc5 (12. d5 f6 13. exf6 exf6 14.
Be3 Re8 15. Qc2 Bh6 $15) (12. Nd5 f6 13. Be3 e6 14. Nxf6+ Nxf6 15. exf6 Qxf6
$11) 12... Bb7 13. Qe3 (13. Qh4 Nxe5 (13... f6 14. exf6 exf6 15. Be3 $16) 14.
Nxe5 Bxe5 15. Rd1 Qa5 $11) 13... Bxf3 14. Qxf3 (14. gxf3 Nxe5 15. Rd1 Rd7 16.
Rxd7 Qxd7 $15) 14... Nxe5 {Black is ahead in the development and c5 pawn can
become weak.} 15. Qe4 (15. Qe3 Nbc6 $11) 15... f5 16. Qd5+ $2 (16. Qe3 Nbc6 17.
Rd1 (17. f4 Nb4 $1) 17... Rd7 18. Rxd7 (18. Be2 Rxd1+ 19. Bxd1 f4 20. Bb3+ Kh8
$15) 18... Qxd7 19. Be2 Rd8 20. O-O Nf7 $15) 16... Qxd5 17. Nxd5 e6 18. Nc3 (
18. Nb4 Rc8 19. Rc1 Rac7 20. a4 Rxc5 21. Rxc5 Rxc5 22. Be3 Rc7 $17) (18. Nf4
Nf7 19. h4 Rc8 $17) 18... Nbd7 19. Be3 (19. f4 Nf7 20. Be7 Rc8 $17) 19... Ng4 {
[%mdl 2048] The unfortunate change of the queens have cost white dearly, he
has lost time and black can capitalize on his well located pieces.} 20. c6 (20.
Bf4 Nxc5 $17) 20... Nxe3 21. fxe3 (21. cxd7 Nc2+ $19) 21... Ne5 22. Be2 (22. a4
b4 23. Ne2 Nxc6 $17) 22... Rc8 23. Rd1 Rxc6 24. Rd8+ Kf7 25. O-O Ke7 26. Rfd1 (
26. Rd2 Rac7 $19) 26... Nd7 27. Rg8 Bf8 28. Rh8 Nf6 {On top of everything
white rook is trapped in the corner, Lugovoi faces grim prospects.} 29. e4 (29.
Bf3 Rc5 30. a3 Rac7 (30... Kf7 31. Rd8 Bg7 32. Rc8 Rxc3 33. bxc3 Bxh8 34. Rxh8
Rc7 $19) 31. e4 Kf7 32. exf5 gxf5 $19) 29... Rc5 (29... fxe4 $5 30. Nxe4 (30.
Kf2 b4 31. Nb1 Rc2 $19) 30... Bg7 31. Nxf6 Bxh8 $19) 30. exf5 gxf5 31. g4 Bg7 (
31... fxg4 32. Ne4 $1 Rc8 33. Rf1 Nxe4 34. Rxh7+ Ke8 35. Rxf8+ Kxf8 36. Rxa7
Rc1+ 37. Kg2 Rc2 38. Kf1 g3 $19) 32. Rb8 fxg4 33. Rb6 (33. a4 bxa4 (33... Nd7
34. Rg8 Bxc3 35. bxc3 h5 36. Rg7+ Ke8 37. axb5 axb5 $17) 34. Nxa4 Rc6 $19)
33... Bh6 34. a3 $2 (34. Rdd6 Re5 35. Kf1 Rc7 $19) 34... Rxc3 $1 0-1

[Event "Skopje op 18th"]
[Site "Skopje"]
[Date "2002.01.15"]
[Round "1"]
[White "Horvath, Csaba"]
[Black "Ilic, Zoran"]
[Result "1-0"]
[WhiteElo "2542"]
[BlackElo "2364"]
[Annotator "Ftacnik,L"]
[PlyCount "97"]
[EventDate "2002.01.15"]
[EventType "swiss"]
[EventRounds "9"]
[EventCountry "MKD"]
[SourceTitle "CBM 088"]
[Source "ChessBase"]
[SourceDate "2002.03.21"]
[SourceVersion "1"]
[SourceVersionDate "2002.03.21"]
[SourceQuality "1"]

1. d4 Nf6 2. c4 g6 3. Nc3 d5 4. Nf3 Bg7 5. Qb3 dxc4 6. Qxc4 O-O 7. e4 Na6 8.
Be2 c5 9. d5 e6 10. O-O exd5 11. exd5 Bf5 12. Be3 Qb6 13. b3 Rfe8 14. Rad1 Rxe3
15. fxe3 Ng4 16. Na4 Qd6 (16... Qa5 17. e4 Ne3 18. Qc1 Nxd1 19. exf5 Nc3 20.
Nxc3 Qxc3 21. Qxc3 Bxc3 22. Rc1 Ba5 23. Bxa6 bxa6 24. Ne5 {1-0 Gyimesi,Z-Kalod,
R/Pardubice/1998/ (57)}) 17. Qf4 Qxf4 18. exf4 Ne3 $2 {This new move is very
likely just bad, so it is not surprising that older games feature exclusively
18...Nb4.} (18... Nb4 19. Rd2 (19. a3 $5 Nc2 20. Rd2 b6 21. Bd3 (21. h3 Nf6 22.
g4 Be4 23. d6 Nxa3 24. Nc3 $16) 21... Bxd3 22. Rxd3 Nxa3 23. Re1 Nb5 24. Re7 {
1/2-1/2 Gyimesi,Z-Jaracz,P/Koszalin 1999/ (30)}) 19... Ne3 20. Rc1 Nbxd5 21.
Bd3 Nxf4 22. Bxf5 Nxf5 23. Nxc5 (23. Rxc5 Ne6 24. Rcc2 b5 25. Nb2 Bh6 {1/2-1/2
Korotylev,A-Baikov,V/Moscow 1999/ (39)}) 23... Bh6 24. Re1 Ne6 25. Nxb7 Bxd2
26. Nxd2 Rc8 27. Nc4 Rc7 {1/2-1/2 Farago,I-Kozul,Z/Montpellier 1989/ (41)}) 19.
Bxa6 bxa6 20. Nxc5 Nxd1 (20... Nxf1 $2 21. Kxf1 Rc8 22. Nxa6 $18) 21. Rxd1 Bf8
22. Nb7 $6 {Uncomprehensibly timid, white was virtually winning after the
brave 22.Nxa6!} (22. Nxa6 $1 Bd6 (22... Bc8 23. Nc7 $18) 23. Ne5 Bc8 24. Nc4
Bxf4 25. Nc5 $18) 22... Rb8 (22... Bc8 23. Na5 Bd6 24. Ne5 $16) 23. Na5 Rd8 24.
Nc4 Bc5+ 25. Kf1 f6 26. d6 Be4 (26... Be6 $5 27. Ke2 Kf7 28. g3 $14) 27. Nd4
Kf7 (27... Bxd6 $2 28. Ne6 $18) (27... Bd5 28. Ke2 Bxc4+ 29. bxc4 Rxd6 30. Nb3
Rxd1 31. Kxd1 Be3 32. g3 $14) 28. Ne2 Rd7 (28... Ke6 29. Ng3 Bd5 30. Re1+ $16)
29. Nc3 Bc6 30. Nd5 Bb5 (30... Bxd6 31. Nxf6 $1 Kxf6 32. Rxd6+ Rxd6 33. Nxd6
$16) 31. a4 Bxc4+ 32. bxc4 Rxd6 33. Rb1 {Black is still facing an uphill
struggle with his doubled a pawn and passive pieces.} Rd7 (33... h5 34. Ke2 Ke6
35. Kd3 $14) 34. Rb8 Ke6 35. Ke2 h5 (35... f5 36. h3 $14) 36. Rc8 Bg1 37. h3
Bd4 38. Kd3 Bb2 39. Rc6+ Rd6 (39... Kf5 40. Rxa6 h4 41. Ra5 $16) 40. Rc7 Rd7 (
40... h4 41. Rxa7 $16) 41. f5+ $1 {[%mdl 16] Excellent transformation of the
pawn structure, Horvath is winning.} gxf5 42. Rxd7 Kxd7 43. Nf4 Kd6 (43... h4
44. Ng6 Ke6 45. Nxh4 $16) 44. Nxh5 Ke5 45. h4 Ba3 (45... f4 46. c5 (46. Ng7 f5
47. h5 Kf6 48. h6 Kg6 49. c5 Be5 50. c6 Kxh6 51. Ne6 $18) 46... Kd5 47. Nxf4+
Kxc5 48. h5 $18) 46. g3 Bc5 47. Nf4 Kd6 48. h5 Ke7 49. h6 (49. h6 Kf7 50. h7
Kg7 51. Ne6+ $18) 1-0